000 00299nam a2200097Ia 4500
001 1226809
005 20250827093011.0
008 250824s9999 xx 000 0 und d
245 0 _aKANGURULAR ÜLKESİ AVUSTRALYAYA YOLCULUK
_cGÜLTEN DAYIOĞLU
260 _bALTIN KİTAPLAR YAYINLARI
999 _c1226809
_d1226809